000 00653nam a2200253Ia 4500
003 OSt
005 20220918191111.0
006 a|||||r|||| 00| 0
007 ta
008 220917b |||||||| |||| 00| 0 eng d
024 _a61,466
037 _cTextual
040 _aARTS
_cARTS
_beng
041 _2eng
_aeng
082 _aQ6:25, L7
100 _aMoloney Francis J
_974922
245 0 _aWord became flesh
260 _aButler
_bClargy Book Service
_c1977
300 _a123p.
_ccm.
490 _aTheology today series; 14
650 _aRELIGION
942 _hQ6:25, L7
_cTEXL
_2CC
999 _c188318
_d188318